| 000 | 00560nam a2200193Ia 4500 | ||
|---|---|---|---|
| 005 | 20250923144721.0 | ||
| 008 | 008 250917s9999 xx 000 0 eng d | ||
| 037 | _aTextual | ||
| 040 |
_aDSWL _beng _cDSWL |
||
| 041 |
_aeng _2eng |
||
| 084 |
_az595, N58 _qDSWL |
||
| 100 |
_aBarnett, Clifford R. _9827693 |
||
| 245 | 0 |
_aPoland its people, its society, its culture _cby Clifford R. Barnett |
|
| 260 |
_aNew Haven _b Hraf Press _c1958 |
||
| 300 | _a271p. | ||
| 365 | _aINR | ||
| 942 |
_cTEXL _hz595, N58 |
||
| 999 |
_c1442444 _d1442444 |
||